Brainstorming – development path of creativity

Salvato in:
Dettagli Bibliografici
Autore principale: Galovská, Marcela
Natura: Capitolo di libro
Lingua:inglese
Soggetti:
Tags: Aggiungi Tag
Nessun Tag, puoi essere il primo ad aggiungerne!!

MARC

LEADER 00000nla$a2200000$$$4500
001 0226498
005 20240502073727.0
041 0 |a eng 
044 |a SK 
245 1 0 |a Brainstorming – development path of creativity  |c Marcela Galovská 
610 2 0 |a brainstorming 
610 2 0 |a kreativita 
610 2 0 |a zdroje ľudské 
610 2 0 |a vzdelávanie ďalšie 
100 1 |a Galovská, Marcela